Statistiques concernant Personnages brawl stars 1/5

Cliquez ici pour prendre le quiz!

Statistiques générales

  • Ce quiz a été pris 710 fois
  • Le résultat moyen est 10 sur 16

Statistiques - réponses

HintRéponse% Correct
Il est un petit chatKit
81%
Elle fait des bulles de chewing gumBillie
80%
Il utilise une souffleuse à neigeGael
80%
Elle dort tout le tempsEmeri
79%
Il lance des shurikensLeon
74%
Elle possède un drone nommé bipNani
73%
Il fait des bulles d'eauHank
71%
Elle est une tireuse d'élite hors-la-loiBelle
69%
Il est un bouffonChester
69%
Elle fait des cookiesPearl
68%
Il vit dans une poubelleAsh
65%
Elle est mécanicienneMaisie
53%
Elle tire des joyauxLola
47%
Il mange des burgersPiège !
45%
Elle est spécialisée dans la lutte contre les tanksColette
40%
Il travaillait dans une usine de robotSam
26%

Distribution des résultats

Percentile par nombre de réponses

% des personnes avec chaque résultat

Votre développement - résultats

Vous n’avez pas pris ce quiz